<?xml version="1.0" encoding="UTF-8"?>
<record
    xmlns:xsi="http://www.w3.org/2001/XMLSchema-instance"
    xsi:schemaLocation="http://www.loc.gov/MARC21/slim http://www.loc.gov/standards/marcxml/schema/MARC21slim.xsd"
    xmlns="http://www.loc.gov/MARC21/slim">

  <leader>02926nam a22002657a 4500</leader>
  <controlfield tag="005">20250424113224.0</controlfield>
  <controlfield tag="008">250422b        |||||||| |||| 00| 0 eng d</controlfield>
  <datafield tag="020" ind1=" " ind2=" ">
    <subfield code="a">9789354600678</subfield>
  </datafield>
  <datafield tag="040" ind1=" " ind2=" ">
    <subfield code="c">AIMIT LIBRARY</subfield>
  </datafield>
  <datafield tag="082" ind1=" " ind2=" ">
    <subfield code="2">17</subfield>
    <subfield code="a">519.5068</subfield>
    <subfield code="b">LIND</subfield>
  </datafield>
  <datafield tag="100" ind1=" " ind2=" ">
    <subfield code="a">Lind, Douglas A.</subfield>
    <subfield code="9">208644</subfield>
  </datafield>
  <datafield tag="245" ind1=" " ind2=" ">
    <subfield code="a">Statistical techniques in business and economics /</subfield>
    <subfield code="c">By Douglas A Lind, William G Marchal and Samuel A Wathen.</subfield>
  </datafield>
  <datafield tag="250" ind1=" " ind2=" ">
    <subfield code="a">17th ed.</subfield>
  </datafield>
  <datafield tag="260" ind1=" " ind2=" ">
    <subfield code="a">Chennai :</subfield>
    <subfield code="b">McGraw Hill Education Pvt Ltd ,</subfield>
    <subfield code="c">2021.</subfield>
  </datafield>
  <datafield tag="300" ind1=" " ind2=" ">
    <subfield code="a">xxv,863p. ;</subfield>
    <subfield code="b">PB</subfield>
    <subfield code="c">25.8 cm</subfield>
  </datafield>
  <datafield tag="500" ind1=" " ind2=" ">
    <subfield code="a">Overview


Statistical Techniques in Business and Economics provides readers with an introductory survey of descriptive and inferential statistics. The text is interspersed with examples and exercises focusing on business applications as well as on the current world around us. The book supports the development of basic data analytics skills. In keeping with recent trends, an entire section has been dedicated to Data Analytics. A variety of statistical software has been made available to complement the text.
</subfield>
  </datafield>
  <datafield tag="501" ind1=" " ind2=" ">
    <subfield code="a">key Features:


1. Already established as a popular textbook on the subject area, Statistical Techniques in Business and Economics, 17e continues to take the legacy forward with recent updates.
2. Section on Data Analytics at the end of every chapter
3. Comprehensive coverage of the entire gamut of topics on business statistics
4. Wide array of pedagogical features including chapter opening exercises, introduction to the topic, self-reviews, statistics in action boxes, computer output, pronunciation keys, software commands, and data analytics
5. Text complemented with popular software applications such as Megastat with MS Excel, Minitab, SPSS, and JMP</subfield>
  </datafield>
  <datafield tag="505" ind1=" " ind2=" ">
    <subfield code="r">
Contents :

1. What Is Statistics?
2. Describing Data: Frequency Tables, Frequency Distributions, and Graphic Presentation
3. Describing Data: Numerical Measures
4. Describing Data: Displaying and Exploring Data
5. A Survey of Probability Concepts
6. Discrete Probability Distributions
7. Continuous Probability Distributions
8. Sampling Methods and the Central Limit Theorem
9. Estimation and Confidence Intervals
10. One-Sample Tests of Hypothesis
11. Two-Sample Tests of Hypothesis
12. Analysis of Variance
13. Correlation and Linear Regression
14. Multiple Regression Analysis
15. Nonparametric Methods: Nominal Level Hypothesis Tests
16. Nonparametric Methods: Analysis of Ordinal Data
17. Index Numbers
18. Time Series and Forecasting
19. Statistical Process Control and Quality Management
20. An Introduction to Decision Theory</subfield>
  </datafield>
  <datafield tag="650" ind1=" " ind2=" ">
    <subfield code="a">Discrete probability distributions</subfield>
    <subfield code="9">208645</subfield>
  </datafield>
  <datafield tag="650" ind1=" " ind2=" ">
    <subfield code="2">Estimation and confidence intervals</subfield>
  </datafield>
  <datafield tag="650" ind1=" " ind2=" ">
    <subfield code="a">Estimation and confidence intervals</subfield>
    <subfield code="9">208646</subfield>
  </datafield>
  <datafield tag="700" ind1=" " ind2=" ">
    <subfield code="a">Marchal, William G.</subfield>
    <subfield code="9">208647</subfield>
  </datafield>
  <datafield tag="700" ind1=" " ind2=" ">
    <subfield code="a">Wathen, Samuel A.</subfield>
    <subfield code="9">208648</subfield>
  </datafield>
  <datafield tag="942" ind1=" " ind2=" ">
    <subfield code="2">ddc</subfield>
    <subfield code="c">BK</subfield>
    <subfield code="e">17th</subfield>
    <subfield code="k">519.5068 LIND</subfield>
  </datafield>
  <datafield tag="999" ind1=" " ind2=" ">
    <subfield code="c">234208</subfield>
    <subfield code="d">234208</subfield>
  </datafield>
  <datafield tag="952" ind1=" " ind2=" ">
    <subfield code="0">0</subfield>
    <subfield code="1">0</subfield>
    <subfield code="2">ddc</subfield>
    <subfield code="4">0</subfield>
    <subfield code="7">0</subfield>
    <subfield code="8">MBA</subfield>
    <subfield code="a">AIMIT</subfield>
    <subfield code="b">AIMIT</subfield>
    <subfield code="c">MS</subfield>
    <subfield code="d">2025-03-11</subfield>
    <subfield code="e">Biblios Book Point</subfield>
    <subfield code="g">1300.00</subfield>
    <subfield code="i">Bill no:7466; Bill dt:2025/3/11</subfield>
    <subfield code="l">0</subfield>
    <subfield code="o">519.5068 LIND</subfield>
    <subfield code="p">MBA14986</subfield>
    <subfield code="r">2026-05-23 00:00:00</subfield>
    <subfield code="v">1014.00</subfield>
    <subfield code="w">2025-04-22</subfield>
    <subfield code="y">BK</subfield>
  </datafield>
  <datafield tag="952" ind1=" " ind2=" ">
    <subfield code="0">0</subfield>
    <subfield code="1">0</subfield>
    <subfield code="2">ddc</subfield>
    <subfield code="4">0</subfield>
    <subfield code="7">0</subfield>
    <subfield code="8">MBA</subfield>
    <subfield code="a">AIMIT</subfield>
    <subfield code="b">AIMIT</subfield>
    <subfield code="c">MS</subfield>
    <subfield code="d">2025-03-11</subfield>
    <subfield code="e">Biblios Book Point</subfield>
    <subfield code="g">1300.00</subfield>
    <subfield code="i">Bill no:7466; Bill dt:2025/3/11</subfield>
    <subfield code="l">0</subfield>
    <subfield code="o">519.5068 LIND</subfield>
    <subfield code="p">MBA14987</subfield>
    <subfield code="r">2026-05-23 00:00:00</subfield>
    <subfield code="v">1014.00</subfield>
    <subfield code="w">2025-04-22</subfield>
    <subfield code="y">BK</subfield>
  </datafield>
</record>
